La autoestima en el trabajo: cómo construyen empresas fuertes las personas que confían en sí mismas
Saved in:
| 主要作者: | |
|---|---|
| 格式: | 图书 |
| 语言: | 西班牙语 |
| 出版: |
Barcelona
Paidós Ibérica
1999
|
| 丛编: | Paidós Plural, 9
|
| 主题: | |
| 标签: |
添加标签
没有标签, 成为第一个标记此记录!
|
MARC
| LEADER | 00000nam a2200000 a 4500 | ||
|---|---|---|---|
| 001 | UCK0632 | ||
| 003 | CL-VaPUC | ||
| 008 | 041015e19990000SP |||||||||||||||||spa|d | ||
| 020 | |a 8449307163 | ||
| 082 | 0 | 4 | |a 658.409 |b BRA |2 21 |
| 100 | 0 | |a Branden, Nathaniel |e author |9 488576 | |
| 245 | 1 | 3 | |a La autoestima en el trabajo: cómo construyen empresas fuertes las personas que confían en sí mismas |
| 300 | |a 200 p | ||
| 942 | |c BK | ||
| 945 | |d 20041015 00:00:00 |a cmena | ||
| 260 | |a Barcelona |b Paidós Ibérica |c 1999 | ||
| 650 | 0 | |a Autoestima |9 308492 | |
| 650 | 0 | |a Psicología industrial |9 271739 | |
| 650 | 0 | |a Liderazgo |9 271835 | |
| 650 | 0 | |a Motivación |9 315362 | |
| 650 | 0 | |a Relaciones interpersonales |9 307056 | |
| 583 | |a last modification |c 20041015 00:00:00 |k Rodrigo Vera | ||
| 490 | 0 | |a Paidós Plural, 9 | |
| 999 | |c 310998 |d 310996 | ||
| 952 | |0 0 |1 0 |4 0 |6 658_409000000000000_BRA_1999 |7 0 |8 A |9 380140 |a BIBGIM |b BIBGIM |d 2019-11-21 |i 4072049 |o 658.409 BRA 1999 |p 4072049 |r 2025-01-15 |w 2019-11-21 |y BK |k SSL | ||